| 000 | 01694nam a2200385 i 4500 | ||
|---|---|---|---|
| 005 | 20220317001746.0 | ||
| 007 | ta | ||
| 008 | 210825r20162020ck jr 000 jdspa d | ||
| 020 | _a9789589002490 | ||
| 040 |
_aCO-BoRNBP _bspa _erda _cCO-BoRNBP |
||
| 041 | 0 | _aspa | |
| 084 | _aC CUE173 | ||
| 245 | 0 | 0 |
_aCuentos clásicos juveniles _cselección y prólogo Conrado Zuluaga Osorio |
| 250 |
_aPrimera edición _bNovena reimpresión |
||
| 264 | 1 |
_aBogotá _bLoqueleo _c2016 _c2020 |
|
| 300 |
_a102 páginas _c21 cm |
||
| 336 |
_atexto _btxt _2rdacontent |
||
| 337 |
_asin mediación _bn _2rdamedia |
||
| 338 |
_avolumen _bnc _2rdacarrier |
||
| 490 | _aClásicos | ||
| 505 | 0 | 0 |
_tEl empresario de pompas fúnebres _rAlexander Pushkin _tUn árbol de Noël y una boda _rFiodor Dostoievski _tEl poder de la infancia _rLeon Tolstoi _tLa ficha de la muerte _rMark Twain _tLa nodriza _rJ. M. Eca de Queiroz _tEl papá de Simón _rGuy de Maupassant _tEl amigo fiel _rOscar Wilde |
| 521 | _aRecomendado para un público mayor de 12 años | ||
| 545 | _aIncluye datos biográficos de los autores al final del texto | ||
| 650 | 1 | 7 |
_aCuentos juveniles _vColecciones _2LEMB |
| 650 | 1 | 7 |
_aLiteratura juvenil _vColecciones _2LEMB |
| 700 | 1 |
_aZuluaga Osorio, Conrado _d1947- _eprologuista _920859 |
|
| 700 | 1 |
_aPushkin, Alexander _d1799-1837 _eautor _9184809 |
|
| 700 | 1 |
_aDostoievski, Fedor _d1821-1881 _eautor _9184810 |
|
| 700 | 1 |
_aTolstoi, León _d1828-1910 _eautor _96372 |
|
| 700 | 1 |
_aTwain, Mark _d1835-1910 _eautor _9184811 |
|
| 700 | 1 |
_aEca de Queirós, José María _d1845-1900 _eautor _919881 |
|
| 700 | 1 |
_aMaupassant, Guy de _d1850-1893 _eautor _9184812 |
|
| 700 | 1 |
_aWilde, Oscar _d1854-1900 _9184813 |
|
| 942 |
_2loc _cBKLIT |
||
| 999 |
_c7996 _d7996 |
||